Zawodnicy którzy jako jedyni zdobyli ponad 700 goli - Statystyki

Ogólne statystyki
  • Ten quiz został rozwiązany 319 razy
  • Średni wynik to 4 z 6
Statystyki odpowiedzi
# Piłkarz Narodowość Strzelone gole Lata Aktywności % Poprawnych
1 Cristiano Ronaldo
815 2002 -
100%
2 Lionel Messi
772 2004 -
100%
3 Pele
762 1957 - 1977
95%
5 Ferenc Puskas
729 1943 - 1966
80%
4 Romario
755 1985 - 2007
47%
6 Josef Bican
720 1931 - 1955
18%
Nie znaleziono quizów pasujących do podanych kryteriów
Rozkład punktacji
Procent ludzi z każdym wynikiem
Percentyl według liczby udzielonych odpowiedzi
Twoja historia wyników
Nie rozwiązałeś tego quizu